000 00708nam a22002537a 4500
003 CHAP
005 20220329140633.0
008 971013s1944 r 00010 d
010 _a55135
011 _a56107
035 _a60260
040 _cCHAP
090 _aFolleto 6457
100 0 0 _aSapriza Vera, Ciro.
_9102600
245 _aFijación de médanos
260 _a(Montevideo) :
_bDirección de Agronomía. Sección Forestal,
_c1944
300 _a27 p.
_b: ilus.
590 _aBATCH-UPD
_b10
_c20130110
_lUCH01
_h0520
590 _aCONVERSION
_b10
_c20130109
_lUCH01
_h1330
650 1 4 _aDunas.
_934457
901 _aBK
942 _cFOLL
949 _aFolleto 6457
_bBC
_cBPP
_d-129946
_eBPP
_i60260
_mD
_si
999 _c55135
_d55135